Trestnoprávna ochrana trhovej ekonomiky

Charakteristika trhovej ekonomiky a jej fungovanie. Hlavným predpokladom fungovania trhovej ekonomiky je slobodné podnikanie, ktorého predpokladom je súkromné vlastníctvo. Význam konkurencie pre trhové hospodárstvo. Zneužitie účasti na hospodárskej súťaži. Neoprávnené podnikanie. Kto sa dopúšťa neop...

Full description

Saved in:
Bibliographic Details
Main Author: Klátik, Jaroslav
Format: Book Chapter
Language:Slovak
Subjects:
Tags: Add Tag
No Tags, Be the first to tag this record!

MARC

LEADER 00000naa$a2200000$$$4500
001 0073171
005 20231013072009.6
041 0 |a slo 
044 |a SK 
245 1 0 |a Trestnoprávna ochrana trhovej ekonomiky  |c Jaroslav Klátik 
520 |a Charakteristika trhovej ekonomiky a jej fungovanie. Hlavným predpokladom fungovania trhovej ekonomiky je slobodné podnikanie, ktorého predpokladom je súkromné vlastníctvo. Význam konkurencie pre trhové hospodárstvo. Zneužitie účasti na hospodárskej súťaži. Neoprávnené podnikanie. Kto sa dopúšťa neoprávneného podnikania? Príslušné zákony. 
610 2 0 |a hospodárstvo trhové 
610 2 0 |a vlastníctvo súkromné 
610 2 0 |a podnikanie 
610 2 0 |a súťaž hospodárska 
610 2 0 |a činy trestné 
610 2 0 |a ochrana právna 
610 2 0 |a zákony 
100 1 |a Klátik, Jaroslav